000 00642nam a2200241 i 4500
001 C2-0027540
003 PPAK
005 20190630222007.0
008 970204s1991 enk|||| ||||| | ||eng d
020 _a1853401102
040 _aPPAK
_beng
_cPPAK
_erda
082 0 4 _a823
_223
090 0 0 _a823
_bDAY
_dK
100 1 _aDay, David,
_eauthor
245 1 4 _aThe Big Lie
264 1 _aLondon :
_bPiccadilly Press ,
_c1991
300 _a[30 pages] :
_bcolour illustrations ;
_c28 cm
336 _2rdacontent
_atext
337 _2rdamedia
_aunmediated
338 _2rdacarrier
_avolume
650 1 0 _aChildren's stories, English
942 _ddc
_cB
999 _c4921
_d4921